Monopolistic Industries and monopoly profits or, are Kellogg´s Cornflakes overpriced? (Registro nro. 26472)

Detalles MARC
000 -LEADER
fixed length control field 00403 a2200121 4500
001 - CONTROL NUMBER
control field ART_12577
005 - DATE AND TIME OF LATEST TRANSACTION
control field 20260410161907.0
008 - FIXED-LENGTH DATA ELEMENTS--GENERAL INFORMATION
fixed length control field 260409a
100 1# - MAIN ENTRY--PERSONAL NAME
Personal name Nickell, S. J.
245 10 - TITLE STATEMENT
Title Monopolistic Industries and monopoly profits or, are Kellogg´s Cornflakes overpriced?
700 1# - ADDED ENTRY--PERSONAL NAME
Personal name Metcalf, David
773 0# - HOST ITEM ENTRY
Title The Economic Journal
Related parts - Vol. 88, Nº 350 (jun. 1978)
Record control number REV12512

No hay ítems disponibles.